书目信息 |
| 题名: |
由投影重建图象:CT的理论基础
|
|
| 作者: | 赫尔曼 编 ;严洪范 译 | |
| 分册: | ||
| 出版信息: | 北京 科学出版社 1985.3 |
|
| 页数: | 335 | |
| 开本: | 大32 | |
| 丛书名: | ||
| 单 册: | ||
| 中图分类: | R814.4 | |
| 科图分类: | ||
| 主题词: | ||
| 电子资源: | ||
| ISBN: | ||
| 000 | 00518nam0 2200181 45 | |
| 001 | 0181013361 | |
| 005 | 20060820150804.20 | |
| 010 | @dCNY3.05 | |
| 100 | @a20810111d km y0chiy0120 ea | |
| 101 | 0 | @achi |
| 200 | 1 | @Ayou tou ying chong jian tu xiang@Fhe er man@a由投影重建图象:CT的理论基础@f(美)赫尔曼编@g严洪范等译 |
| 210 | @a北京@c科学出版社@d1985.3 | |
| 215 | @a335@c无图表@d大32 | |
| 690 | @aR814.4 | |
| 701 | 0 | @a赫尔曼@4编 |
| 702 | 0 | @a严洪范@4译 |
| 801 | @aCN@bTSTC@c20060820 | |
| 905 | @dR814.4@e3@f2@b174184-85 | |
| 由投影重建图象:CT的理论基础/(美)赫尔曼编/严洪范等译.-北京:科学出版社,1985.3 |
| 335:无图表;大32 |
| ISBN :CNY3.05 |
| ● |
| 相关链接 |
|
|
|
|
正题名:由投影重建图象:CT的理论基础
索取号:R814.4/3
 
预约/预借
| 序号 | 登录号 | 条形码 | 馆藏地/架位号 | 状态 | 备注 |
| 1 | 0470394 | 204703945 | 密集书库/ [索取号:R814.4/3] | 在馆 |